Gramática griega
Guardat en:
| Autor principal: | |
|---|---|
| Format: | Llibre |
| Idioma: | Undetermined |
| Publicat: |
Barcelona, España
Editorial Bosch, S.A.
2002
|
| Edició: | 37 ed. |
| Matèries: | |
| Etiquetes: |
Afegir etiqueta
Sense etiquetes, Sigues el primer a etiquetar aquest registre!
|
MARC
| LEADER | 00000nam a2200000Ia 4500 | ||
|---|---|---|---|
| 008 | 170316s9999 xx 000 0 und d | ||
| 999 | |c 30802 |d 30802 | ||
| 020 | |a 84-7676-964-4 | ||
| 040 | |a cru BVZT | ||
| 090 | |a 415-G B-1g | ||
| 100 | |a Berenguer Amenós, Jaime | ||
| 245 | |a Gramática griega |c Jaime, Berenguer Amenós ; Avelino André Gabián, revisor | ||
| 250 | |a 37 ed. | ||
| 260 | |a Barcelona, España |b Editorial Bosch, S.A. |c 2002 | ||
| 300 | |a 276 páginas : |b il. | ||
| 500 | |a Incluye Tabla de sintaxis Apéndices de acentuación, de dialectos de Homero y Herodoto, del griego del Nuevo Testamento Indice analítico Indíce alfabético griego | ||
| 650 | |a GRAMÁTICA GRIEGA. | ||
| 650 | |a FONÉTICA. |9 141 | ||
| 650 | |a MORFOLOGÍA. | ||
| 650 | |a SINTAXIS. | ||
| 942 | |c 15 D |h 415-G B-1g |2 z | ||



